000 00769nam a2200241Ia 4500
003 OSt
005 20221005113507.0
006 a|||||r|||| 00| 0
007 ta
008 221004b |||||||| |||| 00| 0 pan d
020 _a8176472115 (hbk)
_c150
024 _a12364
037 _b830, 15/03/2014, H.K. Prakashan
_cTextual
040 _aCRL
_cCRL
_bpan
041 _2pan
_apan
082 _aU8, 153P7
100 _aਸਿੰਘ, ਸਰਵਣ
245 0 _aਫੇਰੀ ਵਤਨਾਂ ਦੀ
260 _aਲੁਧਿਆਣਾ
_bਲਾਹੌਰ ਬੁੱਕ Fਾਪ ਭਾਰਤ
_c2007
300 _a192ਪੰ
_ccm.
942 _hU8, 153P7
_cTEXL
_2cc
999 _c1028365
_d1028365